000 00837nam a22001817a 4500
005 20260127150026.0
008 230718b ||||| |||| 00| 0 eng d
040 _cSSBUL
_dSSBUL
082 _223
_a၉၁၀ လှ ၁၅၉၉၅ (S-SAT)
100 0 _aလှယဉ်နု၊
_cဒေါ်၊
_gဘီအေ။
_928102
245 1 0 _aသဘာဝပထဝီဝင် /
_cဒေါ်လှယဉ်နု (ဘီအေ)။
250 _aပဉ္စမအကြိမ်။
260 _aရန်ကုန်၊
_bခေတ်စာပုံနှိပ်တိုက်၊
_c၁၉၅၈။
300 _a၂၅၆ စာမျက်နှာ၊
_bမြေပုံများ၊
_c၁၈ စင်တီ။
500 _aS-SAT: Dr. Prof Sai Aung Tun
650 _aသဘာဝပထဝီဝင်။
_928103
942 _2ddc
_cBK1
999 _c27288
_d27288